| 000 | 01390nam a22002417a 4500 | ||
|---|---|---|---|
| 005 | 20171204092513.0 | ||
| 008 | 171201b1929 ag |||fr|||| 001 0 spa d | ||
| 040 |
_aCO-BoUCM _bspa _cSandra Yazo _dSandra Yazo |
||
| 041 | 1 | _aspa | |
| 082 | 0 | 4 |
_220 _a813.52 |
| 092 | _aE44N074 | ||
| 100 | 1 |
_aFrank, Waldo David _d1889-1967 _989935 |
|
| 245 | 1 | 0 |
_aNuestra América _cWaldo Frank ; Traducción de Eugenio Garro |
| 260 |
_aBuenos Aires (Argentina) _bBabel _c1929 |
||
| 300 |
_a203 páginas _c16 x 24 cm |
||
| 500 | _aDetalles físicos: Encuadernación rígida (holandesa) en cartón duro forrado en papel jaspeado. Lomo de tela texturizada con adornos en dorado. Guardas. Anteportada. Portada impresa en una sola tinta, con una marca tipográfica del editor. Texto impreso en una columna. Notas de pie de página. Índice | ||
| 505 | 0 | _aPrólogo de esta edición ; Prólogo de la edición americana ; Introducción a la edición francesa ; La tierra del pioneer [pionero] ; Nueva Inglaterra ; El pueblo elegido ; La tierra de las culturas sepultadas ; Chicago ; El “sí” del Puritano ; Nueva York ; Las multitudes de Withman ; La remoción del suelo | |
| 506 | _aConsulta en sala | ||
| 650 | 7 |
_aLiteratura estadounidense _xSiglos XIX y XX _989936 |
|
| 690 |
_aLiteratura americana _918602 |
||
| 700 | 1 |
_aGarro, Eugerio _etraductor _989969 |
|
| 942 |
_2LOCAL _cLIBRO _e1 _hE44N074 |
||
| 999 |
_c308839 _d308839 |
||